00847nam a2200181 a 450000100100000000500170001000800410002704000250006808200160009310000400010924501180014926000720026730000280033950001580036704900090052595201140053499900170064800002824020200930031452.0110331s2001 dr a 000 0 spa d aDO-SdBNPbspacBNPHU axxxxbG934c1 aGuerrero Prats R., Francisco95523510aCrecimiento con estabilidad y equidad :brelanzamiento de la economía dominicana /cFrancisco Guerrero Prats R. aSanto Domingo :bBanco Central de la República Dominicana,c2001. a28 p :bgraf. ;c29 cm. aDisertación ofrecida ante al Cámara America de Comercio de la República Dominicana por el gobernador del Banco Central, Francisco M. Guerrero Prats aBNPD 0010718PDaPDbPDcCTd2011-04-07iLF1l0oxxxx G934cp28240-10r2020-06-25w2020-06-25yLFPDZNo se presta c27732d27732